LIBRARY & INFORMATION CENTRE, KCAET, TAVANUR

ONLINE PUBLIC ACCESS CATALOGUE (OPAC)

Nammude vanangalum vanyajeevikalum / (Record no. 5837)

MARC details
000 -LEADER
fixed length control field 00423cam a2200169ua 4500
041 ## - LANGUAGE CODE
Language code of text/sound track or separate title mal
082 ## - DEWEY DECIMAL CLASSIFICATION NUMBER
Classification number 590
Item number HAS/NA
100 ## - MAIN ENTRY--AUTHOR NAME
Personal name Hassan Kutty, Arakkal .
245 ## - TITLE STATEMENT
Title Nammude vanangalum vanyajeevikalum /
260 ## - PUBLICATION, DISTRIBUTION, ETC. (IMPRINT)
Place of publication :
Name of publisher A Sheik Mohammed ,
Year of publication 1964.
300 ## - PHYSICAL DESCRIPTION
Number of Pages 185 ; .
942 ## - ADDED ENTRY ELEMENTS (KOHA)
Koha item type Books
Holdings
Withdrawn status Lost status Damaged status Home library Current library Date acquired Cost, normal purchase price Full call number Accession Number Koha item type
Withdrawn     KAUAET KAUAET 07/04/2012 3.00 590 8392 Books
free website counter